000 00295nam a2200133Ia 4500
008 231129s1985||||xx |||||||||||||| ||spa||
040 _bspa
082 _aCo861 L847d
100 _aLondoƱo Santiago
245 0 _aDelirio del inmortal
260 _c1985
264 _aLealon
942 _2ddc
_cBKS
999 _c8924
_d8924